| 000 | 00600nam a2200169Ia 4500 | ||
|---|---|---|---|
| 008 | 140529s9999 xx 000 0 und d | ||
| 020 | _a9780860659341 | ||
| 050 |
_aBV 4509.5 _b.K38 1991 |
||
| 100 | _aKendrick, Graham. | ||
| 245 |
_aMake way : _bpublic praise : handbook & street songs from : shine, Jesus, shine, a carnival of praise, the gift and the cross / _cGraham Kendrick |
||
| 260 |
_aEastbourne, UK : _bMake Way Music, _cc1991. |
||
| 300 |
_a219 p. ; _c24 cm. |
||
| 521 | _aGE | ||
| 650 |
_aWitness bearing (Christianity) _xHandbooks, manuals, etc. |
||
| 942 |
_kFOR _cBK |
||
| 999 |
_c117832 _d117832 |
||